La revolución interrumpida: México 1910-1920: una guerra campesina por la tierra y el poder

Saved in:
書目詳細資料
主要作者: Gilly, Adolfo (Author)
格式: 圖書
語言:西班牙语
出版: Ciudad de México El caballito 1971
版:24a. ed
主題:
標簽: 添加標簽
沒有標簽, 成為第一個標記此記錄!

MARC

LEADER 00000nam a2200000 a 4500
001 UCX1653
003 CL-VaPUC
008 901009e19710000MX |||||||||||||||||spa|d
082 0 4 |a 972.0816  |b GIL  |2 21 
100 0 |a Gilly, Adolfo  |e author  |9 317222 
245 1 3 |a La revolución interrumpida: México 1910-1920: una guerra campesina por la tierra y el poder 
250 |a 24a. ed 
300 |a 410 p 
942 |c BK 
945 |d 19901009 00:00:00 
260 |a Ciudad de México  |b El caballito  |c 1971 
650 7 |a HISTORIA REVOLUCION 1910-1917  |2 CL-VaPUC  |9 317223 
651 0 |a México  |9 255269 
583 |a last modification  |c 19901009 00:00:00  |k Rodrigo Vera 
999 |c 222836  |d 222834 
952 |0 0  |1 0  |4 0  |6 972_081600000000000_GIL_1971  |7 0  |8 A  |9 218084  |a BIBHIS  |b BIBHIS  |d 2019-11-15  |i 2869365  |o 972.0816 GIL 1971  |p 2869365  |r 2025-01-20  |w 2019-11-15  |y BK  |k HIS